Cultura Geral - Statistics

Estatísticas Gerais
  • Esse quiz foi jogado 25 vezes
  • A pontuação média é 7 de 15
Estatísticas das Respostas
Hint Resposta % Correto
Como se chama o cowboy do filme Toy Story? Woody
91%
Quem foi o presidente da África do Sul de 1994 a 1999? Nelson Mandela
86%
Em que cidade fica a famosa torre inclinada de Itália? Pisa
86%
Que único país faz fronteira com o Reino Unido? Irlanda
73%
Como se diz vestido em inglês? Dress
64%
Quem desenhou o famoso "Homem Vitruviano"? Leonardo da Vinci
59%
De que banda fizeram parte os seguintes nomes:Beckham, Halliwell, Chisholm, Brown, Bunton? Spice Girls
45%
Como se chama a famosa avenida francesa,onde é possível fazer compras de luxo? Champs-Élysées
41%
Que universidade notável está localizada em New Haven, Connecticut? Yale
41%
Quem canta a música "Can't Stop the Feeling!"? Justin Timberlake
32%
Que deus romano era o deus do mar? Neptuno
27%
Que frase significa "não se preocupe" que ficou famosa por um filme da Disney? Hakuna Matata
23%
Quem é o vocalista dos Coldplay? Chris Martin
18%
Quem é considerado o pai da astronomia? Galileo Galilei
14%
Que rei francês teve o maior reinado? Louis XIV
9%
Nenhum quiz correspondente encontrado
Distribuição das Pontuações
Porcentagem de Pessoas com Cada Pontuação
Percentil de Números Respondidos
Sua Pontuação Histórica
Você não jogou esse quiz